| 000 | 00543cam a2200181 4500500 | ||
|---|---|---|---|
| 005 | 20260405002706.0 | ||
| 041 | _afre | ||
| 042 | _adc | ||
| 245 | 0 | 0 | _aCahiers de L’Herne. François Jullien |
| 260 | _c2018. | ||
| 500 | _a3 | ||
| 690 | _aCahiers de L’Herne | ||
| 690 | _aChine | ||
| 690 | _aFrançois Jullien | ||
| 690 | _aGrèce | ||
| 786 | 0 | _nPhilosophie magazine | 118 | 4 | 2018-04-01 | p. 49-52 | 1951-1787 | |
| 856 | 4 | 1 | _uhttps://shs.cairn.info/magazine-philosophie-magazine-2018-4-page-49?lang=fr&redirect-ssocas=7080 |
| 999 |
_c2060150 _d2060149 |
||